Представление документа в формате RUSMARC

ПолеНазваниеЗначение
  Тип записи a
  Библиографический уровень m
001 Контрольный номер 1429ac97391e4618a4ff8d6e7c3971f2
005 Дата корректировки 20190118102150.5
010 Индекс ISBN __
a ISBN 978-5-8243-1583-7
101 Язык документа 0_
a Язык текста rus
102 Страна публикации __
a Страна публикации RU
200 Заглавие и сведения об ответственности 1_
a Заглавие Россия против Наполеона: борьба за Европу. 1807-1814
b Общее обозначение материала Текст
f Первые сведения об ответственности Д. Ливен
g Последующие сведения об ответственности пер. с англ. А. Ю. Петрова
210 Выходные данные 1_
a Место издания М.
c Издательство РОССПЭН
d Дата издания 2012
215 Физическое описание __
a Объем 679 с.
c Иллюстрации/тип воспроизводства ил.
225 Серия 2_
a Серия Эпоха 1812 года
330 Аннотация __
a Аннотация Подход английского историка Д.Ливена разительным образом отличается от оценок, принятых в западной историографии. В большей части трудов западных историков, посвященных борьбе России с Наполеоном, внимание авторов практически всецело сосредоточено на кампании 1812 г., на личности Наполеона, его огромной армии и русской зиме, при этом упускаются из виду действия российского руководства и проводимые им военные операции. Военные операции России в 1813-1814 гг. обычно остаются вне поля зрения. Помимо сражений и маневров автор исследует политические и экономические факторы. По его мнению, в изложении большинства европейских и американских авторов сопротивление России Наполеону описывается точно так же, как это сделал Л.Н.Толстой в своем романе "Война и мир": все они пишут о простых русских людях, в страстном патриотическом порыве вставших на защиту родной земли. Ливен считает, что западные ученые не оценили по достоинству московские власти и военачальников российской армии. Фактически автор ведет повествование о дееспособном правительстве России и ее армии, которая победоносно завершила войну, несмотря на огромные трудности.
610 Ключевые слова 0_
a Ключевые слова Наполеон
610 Ключевые слова 0_
a Ключевые слова 1812 год
610 Ключевые слова 0_
a Ключевые слова Россия
686 Индексы других классификаций __
a Классификационный индекс 63.3(0)
700 Автор _1
a Фамилия Ливен
b Имя Д.
g Полное личное имя Доминик
801 Источник записи _0
a Страна RU
b Организация РУК
c Дата составления 20190118
g Правила каталогизации PSBO
801 Источник записи _1
a Страна RU
b Организация РУК
g Правила каталогизации PSBO
852 Данные о местонахождении __
i Авторский знак Л 55
j Шифр хранения ББК 63.3(0)
901 Тип документа __
t Тип документа m
937 Технологическая информация __
a Создатель записи (имя) Мясникова
938 Служебная информация __
a Название организации Головной вуз